| 000 | 00808nam a2200229 i 4500 | ||
|---|---|---|---|
| 003 | IT-RoINE | ||
| 005 | 20240222163924.0 | ||
| 008 | 230424s2022 sp abo r 001 | spa d | ||
| 020 | _a9788419018199 | ||
| 040 |
_aES-MaCSI _bspa _cIT-RoINE _dIT-RoINE |
||
| 100 | 1 |
_aCalvo González-Regueral, Fernando, _d1971- _972310 |
|
| 245 | 1 | 3 |
_aLa Guerra Civil : _buna historia total / _cFernando Calvo González-Regueral. |
| 260 |
_aMadrid : _bArzalia, _c2022. |
||
| 300 |
_a415 p., [32] p. de mapas, XXXII p. fot. bl. y n. : _bil. ; _c23 cm. |
||
| 336 |
_2rdacontent _atext |
||
| 337 |
_2rdamedia _aunmediated |
||
| 338 |
_2rdacarrier _avolume |
||
| 500 | _aIncluye índices, cronologías y anexos. | ||
| 504 | _aIncluye bibliografía. | ||
| 651 | 4 |
_aEspaña _xHistoria _y1936-1939 (Guerra civil) _97494 |
|
| 942 | _cMTS | ||
| 999 |
_c37506 _d37506 |
||